|
|
|
|
| LEADER |
01051pam a22002658a 4500 |
| 001 |
00038083 |
| 005 |
20171026081023.0 |
| 008 |
170515s2008 ||||||Viesd |
| 041 |
0 |
# |
|a Vie
|
| 082 |
1 |
4 |
|a 372.21
|b GI108TR
|
| 100 |
1 |
# |
|a Nguyễn, Ngọc Đào
|
| 245 |
1 |
0 |
|a Giáo trình sử dụng trò chơi học tập nhằm hình thành các biểu tượng toán học sơ đẳng cho trẻ mẫu giáo
|c Nguyễn Ngọc Đào, Đỗ Thị Minh Liên
|
| 260 |
# |
# |
|a Hà Nội
|b Đại học Sư Phạm
|c 2008
|
| 300 |
# |
# |
|a 139
|c 24 cm
|
| 653 |
# |
# |
|a Biểu tượng
|
| 653 |
# |
# |
|a Giáo trình
|
| 653 |
# |
# |
|a Trẻ mẫu giáo
|
| 653 |
# |
# |
|a Trò chơi
|
| 700 |
1 |
# |
|a Đỗ, Thị Minh Liên
|
| 852 |
# |
# |
|b Kho mượn
|j KGT.0052671, KGT.0052795, KGT.0052681, KGT.0052795
|
| 852 |
# |
# |
|b Kho đọc
|j KD.0020965
|
| 852 |
# |
# |
|j KD.0020965
|j KGT.0052671
|j KGT.0052681
|j KGT.0052795
|
| 910 |
|
|
|d 15/05/2017
|
| 980 |
# |
# |
|a Trung tâm Học liệu Lê Vũ Hùng, Trường Đại học Đồng Tháp
|